000 00578nam a2200157 a 4500
008 120416s1980 ||||||||||||||||| || u
050 _aHF 5438.25 Bla
100 _aBlake, Robert Rogers, 1918-
245 1 4 _aThe Grid for sales excellence
246 _anew insights into a proven system of effective sales
250 _a2nd. ed.
260 _aNew York
_bMcGraw-Hill
_c1980
300 _aviii, 238p.
350 _a0.00
995 _D0.00
_FCBU-MAIN LIBRARY (Kitwe)
_H1
_I0.00
_UAVAILABLE
_ZMain Library Open Access Collection
999 _c44954
_d44954